Random Trivia 1 - Statistics

General Stats
  • This quiz has been taken 20 times
  • The average score is 5 of 10
Answer Stats
Question Answer % Correct
What was the name of the first space mission to land humans on the moon? Apollo 11
94%
Which car manufacturer produces the Rav 4 model? Toyota
75%
Which of the following diseases is primarily associated with the Liver? Hepatitis
50%
Whos mom was Fountains of Wayne in love with? Stacey
50%
Who was assassinated first? John F. Kennedy
44%
What is the highest selling games console of all time? Playstation 2
44%
Which US state is the tv show The Dukes of Hazzard set in? Georgia
38%
Which of the following counties of Ireland lies the farthest north? Roscommon
31%
Which of the following sports teams does not have its home stadium in the state of New York? New York Giants
25%
Which friends character is the only one to have kissed all other five friends? Rachel
13%
No matching quizzes found
Score Distribution
Percent of People with Each Score
Percentile by Number Answered
Your Score History
You have not taken this quiz